| 000 | 00371nam a2200145Ia 4500 | ||
|---|---|---|---|
| 005 | 20251222152034.0 | ||
| 008 | 251222s9999||||xx |||||||||||||| ||spa|| | ||
| 020 | _a9786123110109 | ||
| 082 | _a348.6/G23 | ||
| 100 | _aGarcía Manríque, Álvaro | ||
| 245 | 0 | _aManual Práctico de Documentos Laborales | |
| 250 | _a1ra. ed. | ||
| 264 | _bGaceta Jurídica | ||
| 942 | _cLIB | ||
| 999 |
_c25796 _d25796 |
||